[Event "September TNT"]
[Site "Winnipeg CAN"]
[Date "2014.09.23"]
[Round "3.4"]
[White "Remillard, John"]
[Black "Huston-Earle, Joshua"]
[Result "1-0"]
[WhiteElo "1652"]
[BlackElo "1383"]
[PlyCount "63"]
[EventDate "2014.09.09"]
[EventType "swiss"]
[EventRounds "4"]
[EventCountry "CAN"]

1. e4 c5 2. f4 e6 3. Nf3 Nc6 4. Be2 Nf6 5. Nc3 Be7 6. O-O O-O 7. Kh1 h6 8. d4
d5 9. e5 Ne4 10. Be3 Nxc3 11. bxc3 cxd4 12. Nxd4 f6 13. Rf3 fxe5 14. Nxc6 bxc6
15. fxe5 Rxf3 16. gxf3 Bg5 17. f4 Be7 18. Qd2 g5 19. Rg1 Kf7 20. fxg5 hxg5 21.
Bh5+ Kg8 22. Bxg5 Bxg5 23. Rxg5+ Kh8 24. Rg6 Qf8 25. Rh6+ Kg8 26. Qg5+ Qg7 27.
Rg6 Qxg6 28. Qxg6+ Kh8 29. Qf6+ Kh7 30. Bf7 Bd7 31. Qg6+ Kh8 32. Qh6# 1-0

[Event "September TNT"]
[Site "Winnipeg CAN"]
[Date "2015.07.09"]
[Round "3.4"]
[White "Rutter, Blair"]
[Black "Wiebe, Isaac"]
[Result "0-1"]
[WhiteElo "2019"]
[BlackElo "1654"]
[PlyCount "185"]
[EventDate "2014.09.09"]
[EventType "swiss"]
[EventRounds "4"]
[EventCountry "CAN"]

1. c4 Nf6 2. g3 g6 3. Bg2 Bg7 4. Nc3 O-O 5. e4 d6 6. Nge2 Nbd7 7. O-O c6 8. h3
Rb8 9. Rb1 Qc7 10. Kh2 b5 11. cxb5 cxb5 12. b4 a5 13. a3 Ne5 14. f4 Nd3 15. Qc2
axb4 16. Qxd3 bxc3 17. Nxc3 Be6 18. Qe3 Rfc8 19. Bb2 b4 20. axb4 Rxb4 21. Ba3
Rxb1 22. Rxb1 Nd7 23. Nb5 Qa5 24. Bf1 Rc2 25. Bb4 Qa2 26. Rd1 Bb3 27. Nd4 Bxd4
28. Qxd4 Nc5 29. Ra1 Ne6 30. Rxa2 Nxd4 31. Ra8+ Kg7 32. Bc3 e5 33. Kg2 Kf6 34.
Rb8 Be6 35. Rb6 Ke7 36. Bb4 Nc6 37. Bc3 Nd4 38. Bd3 Rc1 39. Bb4 Rc6 40. Rb7+
Kf6 41. Bc3 Nb3 42. g4 Nc5 43. fxe5+ dxe5 44. Bb5 Rc8 45. Ra7 Nxe4 46. Bb4 Nc5
47. Bc3 Rd8 48. Bb4 Rc8 49. Bc3 Bd5+ 50. Kg1 h5 51. gxh5 gxh5 52. Be2 Ne4 53.
Ra6+ Be6 54. Ba5 Rg8+ 55. Kh2 Kg5 56. d3 Nf2 57. Bd2+ Kg6 58. h4 Ng4+ 59. Kg3
Kf5 60. Ra5 Nf6+ 61. Kf2 Ng4+ 62. Ke1 Rd8 63. Bc3 Rd5 64. Ra4 Rc5 65. Bd2 f6
66. Bf3 Bd5 67. Be4+ Bxe4 68. dxe4+ Kg6 69. Ke2 Rb5 70. Ra8 Rb2 71. Ra6 Kf7 72.
Kd3 Rb3+ 73. Bc3 Nf2+ 74. Kc4 Rb1 75. Ra7+ Kg6 76. Kd5 Rd1+ 77. Ke6 Nxe4 78.
Bb4 Rb1 79. Bf8 Rb6+ 80. Kd5 Kf5 81. Rh7 Ng3 82. Rh6 e4 83. Kd4 Rc6 84. Bc5 Re6
85. Ke3 Kg4 86. Kf2 Nf5 87. Rh8 e3+ 88. Ke2 Ng3+ 89. Ke1 e2 90. Rg8+ Kxh4 91.
Bf2 f5 92. Rxg3 Re4 93. Re3+ 0-1

[Event "September TNT"]
[Site "Winnipeg CAN"]
[Date "2015.07.09"]
[Round "3.4"]
[White "Trueman, Francis"]
[Black "Roy, Rayan"]
[Result "0-1"]
[WhiteElo "1489"]
[BlackElo "1543"]
[PlyCount "65"]
[EventDate "2014.09.09"]
[EventType "swiss"]
[EventRounds "4"]
[EventCountry "CAN"]

1. Nf3 c5 2. d3 d6 3. Nbd2 Nf6 4. g3 e6 5. Bg2 Be7 6. O-O O-O 7. Re1 Re8 8. e4
Nc6 9. a4 a6 10. Nc4 e5 11. a5 Rb8 12. Nb6 Nxa5 13. Nxc8 Rxc8 14. Bd2 Nc6 15.
c3 a5 16. Qb3 b6 17. Bh3 Rb8 18. Ng5 d5 19. Bg2 c4 20. Qb5 Na7 21. Qa4 cxd3 22.
exd5 Nxd5 23. Rxe5 Nf6 24. Qc4 Rf8 25. Re3 Rc8 26. Qxd3 Qxd3 27. Rxd3 h6 28.
Nf3 Rfe8 29. b4 Bd8 30. Be3 Nb5 31. bxa5 bxa5 32. Rc1 Ne4 33. c4 {
Black won in 46} 0-1

[Event "September TNT"]
[Site "Winnipeg CAN"]
[Date "2014.09.23"]
[Round "3.4"]
[White "Wasserman, Leor"]
[Black "Bince, Rolando"]
[Result "1-0"]
[WhiteElo "2015"]
[BlackElo "2000"]
[PlyCount "111"]
[EventDate "2014.09.09"]
[EventType "swiss"]
[EventRounds "4"]
[EventCountry "CAN"]

1. e4 c5 2. Nf3 d6 3. d4 cxd4 4. Nxd4 Nf6 5. Nc3 Nc6 6. Be2 a6 7. O-O e5 8. Nf3
h6 9. Be3 Be6 10. Nd5 Bxd5 11. exd5 Ne7 12. c4 Nf5 13. Qd2 g6 14. h3 Bg7 15. a4
O-O 16. a5 Ne4 17. Qd3 Nxe3 18. Qxe3 f5 19. b4 Nf6 20. Rab1 Kh7 21. Bd1 Rc8 22.
Bb3 Nd7 23. Rfd1 Qf6 24. Rbc1 f4 25. Qe2 Qd8 26. Nd2 Qe7 27. Ne4 f3 28. gxf3
Rf4 29. Kh2 Rcf8 30. Rc3 Nf6 31. Bc2 Nh5 32. Rg1 Rh4 33. Qf1 Nf4 34. Rg3 Rf5
35. c5 Rfh5 36. cxd6 Qd8 37. Rc7 Rxh3+ 38. Rxh3 Rxh3+ 39. Qxh3 Nxh3 40. Kxh3 h5
41. Rxb7 Kh6 42. d7 Bf6 43. Nd6 Kg7 44. Ba4 Be7 45. Ne8+ Kh6 46. Rb6 Bh4 47.
Nd6 Kg7 48. Ne8+ Kh7 49. Re6 Kh6 50. Nd6 Qf8 51. Kg2 Qf4 52. Ne4 Bd8 53. Re8
Qh4 54. Bc2 Kg7 55. Re6 Qf4 56. Ng3 1-0

[Event "September TNT"]
[Site "Winnipeg CAN"]
[Date "2015.07.09"]
[Round "3.4"]
[White "Wolchock, Theo"]
[Black "Beach, Brock"]
[Result "1-0"]
[WhiteElo "1938"]
[BlackElo "1727"]
[PlyCount "95"]
[EventDate "2014.09.09"]
[EventType "swiss"]
[EventRounds "4"]
[EventCountry "CAN"]

1. c4 f5 2. Nc3 e5 3. d3 Nf6 4. Nf3 Nc6 5. g3 Bb4 6. Bd2 d6 7. Bg2 Bd7 8. O-O
O-O 9. a3 Bxc3 10. Bxc3 e4 11. Nd2 exd3 12. exd3 Rb8 13. d4 Re8 14. Qc2 Re7 15.
Rfe1 Kh8 16. b4 Qe8 17. Rxe7 Nxe7 18. Re1 Qf7 19. d5 Re8 20. Qb2 Ng6 21. Rxe8+
Nxe8 22. Nf3 h6 23. Qd2 Nf6 24. Nd4 Kg8 25. Qe2 Nf8 26. f4 g5 27. fxg5 hxg5 28.
Qe3 N6h7 29. Nf3 g4 30. Nh4 b6 31. Qd4 Ng6 32. Nxg6 Qxg6 33. Qh8+ Kf7 34. Qd8
Nf8 35. Bd2 Qf6 36. Qxf6+ Kxf6 37. Kf2 a6 38. Bc3+ Kg6 39. Ke3 Nh7 40. Bd4 Ng5
41. Kf4 Be8 42. c5 b5 43. c6 Nh7 44. Ba7 Nf6 45. Bb8 Bxc6 46. dxc6 Ne8 47. Bf1
Kf6 48. Bd3 1-0

[Event "September TNT"]
[Site "Winnipeg CAN"]
[Date "2014.09.30"]
[Round "4.4"]
[White "Atem, James"]
[Black "Wasserman, Leor"]
[Result "0-1"]
[WhiteElo "1932"]
[BlackElo "2015"]
[PlyCount "36"]
[EventDate "2014.09.09"]
[EventType "swiss"]
[EventRounds "4"]
[EventCountry "CAN"]

1. d4 Nf6 2. c4 e5 3. d5 Bc5 4. e3 O-O 5. Be2 d6 6. Bd2 Ne4 7. Nc3 Nxc3 8. Bxc3
f5 9. Bd3 Qg5 10. g3 f4 11. Nf3 Qh6 12. exf4 exf4 13. O-O fxg3 14. hxg3 Qh3 15.
Nd4 Bg4 16. Qd2 Bxd4 17. Bxd4 Bf3 18. Bxh7+ Qxh7 0-1

[Event "September TNT"]
[Site "Winnipeg CAN"]
[Date "2014.09.30"]
[Round "4.4"]
[White "Beach, Brock"]
[Black "Magyar, Peter"]
[Result "1-0"]
[WhiteElo "1727"]
[BlackElo "1565"]
[PlyCount "51"]
[EventDate "2014.09.09"]
[EventType "swiss"]
[EventRounds "4"]
[EventCountry "CAN"]

1. e4 e6 2. d4 d5 3. exd5 exd5 4. Nf3 Nf6 5. Bd3 Bd6 6. Nc3 O-O 7. O-O Nc6 8.
Bg5 Bg4 9. Bxf6 Qxf6 10. Nxd5 Qd8 11. h3 Bxf3 12. Qxf3 Nxd4 13. Qe4 Nf3+ 14.
Qxf3 Qg5 15. Qf5 Qg6 16. Qxg6 fxg6 17. Bc4 Kh8 18. Rfe1 Bc5 19. Re2 Rae8 20.
Ne3 Re5 21. Rae1 Ree8 22. Ng4 Rd8 23. Ne5 Rd4 24. Bb3 Rdf4 25. Nd3 h5 26. Nxf4
1-0

[Event "September TNT"]
[Site "Winnipeg CAN"]
[Date "2014.09.30"]
[Round "4.4"]
[White "Bince, Rolando"]
[Black "Liebzeit, Mick"]
[Result "1-0"]
[WhiteElo "2000"]
[BlackElo "1833"]
[PlyCount "105"]
[EventDate "2014.09.09"]
[EventType "swiss"]
[EventRounds "4"]
[EventCountry "CAN"]

1. d4 Nf6 2. c4 g6 3. Nc3 d5 4. Nf3 Bg7 5. cxd5 Nxd5 6. e4 Nxc3 7. bxc3 c5 8.
Be3 O-O 9. Qd2 Re8 10. Be2 Nc6 11. d5 Qa5 12. Rc1 Rd8 13. O-O e6 14. Rfd1 exd5
15. exd5 Ne7 16. c4 Qxd2 17. Rxd2 b6 18. Bf4 Nf5 19. g4 Nd4 20. Nxd4 Bxd4 21.
Kg2 f5 22. h3 fxg4 23. hxg4 Rf8 24. Bg3 b5 25. Rxd4 cxd4 26. c5 d3 27. Bxd3
Bxg4 28. Be4 Rae8 29. f3 Rxe4 30. fxe4 Bf3+ 31. Kg1 Bxe4 32. Rd1 Rd8 33. Bd6
Kf7 34. Rd4 Bf5 35. a4 a6 36. axb5 axb5 37. Rb4 Bd3 38. Rd4 Bf5 39. Kf2 Ra8 40.
Bf4 Ra2+ 41. Ke3 Ra3+ 42. Kd2 Ra2+ 43. Kc3 Rc2+ 44. Kb4 Rc4+ 45. Rxc4 bxc4 46.
Kxc4 Ke7 47. c6 h5 48. Kd4 Bg4 49. Ke5 Bf5 50. Bg5+ Ke8 51. Kd6 Kf7 52. Kc7 Bg4
53. d6 1-0

[Event "September TNT"]
[Site "Winnipeg CAN"]
[Date "2015.14.09"]
[Round "4.4"]
[White "Boron, Anthony"]
[Black "Melamedoff, Gustavo"]
[Result "0-1"]
[WhiteElo "2009"]
[BlackElo "2076"]
[PlyCount "70"]
[EventDate "2014.09.09"]
[EventType "swiss"]
[EventRounds "4"]
[EventCountry "CAN"]

1. e4 e6 2. d3 c5 3. Nd2 Nc6 4. Ngf3 g6 5. g3 Bg7 6. Bg2 Nge7 7. O-O O-O 8. Re1
d6 9. Nf1 e5 10. c3 b5 11. Bg5 h6 12. Bd2 b4 13. h4 Be6 14. Qc1 Kh7 15. N1h2
Qd7 16. Qd1 Rad8 17. c4 f5 18. b3 f4 19. Rb1 Rf7 20. g4 Kg8 21. g5 Nd4 22. Nxd4
exd4 23. Bf3 hxg5 24. hxg5 Nc6 25. Ng4 Qe7 26. Nh2 Ne5 27. Qe2 Qxg5+ 28. Kh1
Qh4 29. Rg1 Bf6 30. Rg2 Bh3 31. Rbg1 Bxg2+ 32. Rxg2 Rh7 33. Kg1 Kf7 34. Kf1 g5
35. Ng4 Qh1+ 0-1

[Event "September TNT"]
[Site "Winnipeg CAN"]
[Date "2014.09.30"]
[Round "4.4"]
[White "Huston-Earle, Joshua"]
[Black "Einarsson, Ken"]
[Result "1/2-1/2"]
[WhiteElo "1383"]
[BlackElo "1724"]
[PlyCount "71"]
[EventDate "2014.09.09"]
[EventType "swiss"]
[EventRounds "4"]
[EventCountry "CAN"]

1. d4 d5 2. Bf4 Nf6 3. Nc3 e6 4. Nf3 c5 5. e3 cxd4 6. exd4 Nc6 7. Nb5 e5 8.
Nxe5 Bb4+ 9. c3 Bxc3+ 10. bxc3 O-O 11. Nxc6 bxc6 12. Nd6 Bg4 13. f3 Bh5 14. Be2
Bg6 15. O-O Nh5 16. Qd2 Nxf4 17. Qxf4 Qc7 18. Qe5 Rad8 19. Nc4 Qb7 20. Na5 Qb6
21. Nb3 Rfe8 22. Qg3 Rxe2 23. Rfe1 Rde8 24. Rxe2 Rxe2 25. Re1 Rxe1+ 26. Qxe1
Kf8 27. Nc5 Bf5 28. Qe5 g6 29. Qxf5 gxf5 30. Nd7+ Ke7 31. Nxb6 axb6 32. Kf2 f4
33. g3 fxg3+ 34. Kxg3 Kd6 35. Kf4 c5 36. Ke3 1/2-1/2

[Event "September TNT"]
[Site "Winnipeg CAN"]
[Date "2014.09.30"]
[Round "4.4"]
[White "Klokow, John"]
[Black "Remillard, John"]
[Result "1-0"]
[WhiteElo "1804"]
[BlackElo "1652"]
[PlyCount "53"]
[EventDate "2014.09.09"]
[EventType "swiss"]
[EventRounds "4"]
[EventCountry "CAN"]

1. e4 e5 2. Nf3 Nc6 3. Bb5 d6 4. O-O a6 5. Ba4 b5 6. Bb3 Be6 7. c3 Nf6 8. Bc2
Be7 9. h3 O-O 10. d4 exd4 11. cxd4 d5 12. e5 Nd7 13. Bxh7+ Kxh7 14. Qc2+ g6 15.
Qxc6 Kg7 16. Bf4 Rh8 17. Nbd2 Nb6 18. b3 Qc8 19. Ng5 Bd7 20. Qc3 Rh5 21. Ndf3
Qd8 22. Qe3 f6 23. exf6+ Bxf6 24. Ne6+ Bxe6 25. Qxe6 Qh8 26. Rac1 Re8 27. Rxc7+
1-0

[Event "September TNT"]
[Site "Winnipeg CAN"]
[Date "2014.09.30"]
[Round "4.4"]
[White "Roy, Rayan"]
[Black "Kernetsky, Myron"]
[Result "1-0"]
[WhiteElo "1543"]
[BlackElo "2028"]
[PlyCount "47"]
[EventDate "2014.09.09"]
[EventType "swiss"]
[EventRounds "4"]
[EventCountry "CAN"]

1. e4 e6 2. Nf3 d5 3. exd5 exd5 4. d4 Bd6 5. Nc3 c6 6. Be2 Ne7 7. O-O Bf5 8.
Re1 Nd7 9. a3 h6 10. b4 O-O 11. b5 Rc8 12. Bd2 Re8 13. Qc1 Qc7 14. g3 c5 15.
dxc5 Qxc5 16. Bd3 Bg4 17. Nh4 Ne5 18. Na4 Qd4 19. Bc3 Rxc3 20. Nxc3 Qxc3 21.
Re3 Qd4 22. Ra2 Rc8 23. Qd2 g5 24. Bh7+ 1-0

[Event "September TNT"]
[Site "Winnipeg CAN"]
[Date "2014.09.30"]
[Round "4.4"]
[White "Trueman, Francis"]
[Black "Leaden, Bruce"]
[Result "0-1"]
[WhiteElo "1489"]
[BlackElo "1576"]
[PlyCount "32"]
[EventDate "2014.09.09"]
[EventType "swiss"]
[EventRounds "4"]
[EventCountry "CAN"]

1. Nf3 d5 2. d3 c6 3. Nbd2 h6 4. g3 Bf5 5. Bg2 Nf6 6. O-O e6 7. c3 a5 8. a4
Nbd7 9. Re1 Bd6 10. Qc2 O-O 11. e4 dxe4 12. dxe4 Bh7 13. e5 Bxc2 14. exd6 Nc5
15. Nc4 Bxa4 16. Be3 Bb3 0-1

[Event "September TNT"]
[Site "Winnipeg CAN"]
[Date "2015.14.09"]
[Round "4.4"]
[White "Wiebe, Isaac"]
[Black "Lipnowski, Samuel"]
[Result "1/2-1/2"]
[WhiteElo "1654"]
[BlackElo "2220"]
[PlyCount "20"]
[EventDate "2014.09.09"]
[EventType "swiss"]
[EventRounds "4"]
[EventCountry "CAN"]

1. d4 Nf6 2. Nf3 b6 3. g3 Bb7 4. Bg2 g6 5. O-O Bg7 6. c4 O-O 7. Nc3 Ne4 8. Nxe4
Bxe4 9. Bf4 d6 10. Qd2 Nd7 1/2-1/2

[Event "September TNT"]
[Site "Winnipeg CAN"]
[Date "2015.14.09"]
[Round "4.4"]
[White "Wolchock, Theo"]
[Black "Rutter, Blair"]
[Result "1-0"]
[WhiteElo "1938"]
[BlackElo "2019"]
[PlyCount "97"]
[EventDate "2014.09.09"]
[EventType "swiss"]
[EventRounds "4"]
[EventCountry "CAN"]

1. c4 e6 2. Nf3 Nf6 3. Nc3 d5 4. d4 c6 5. g3 Bb4 6. e3 Ne4 7. Bd2 Nxd2 8. Qxd2
Nd7 9. cxd5 exd5 10. Bg2 O-O 11. O-O Re8 12. Qc2 Nf6 13. Ne5 Bd6 14. Nf3 Bg4
15. h3 Bh5 16. Kh2 Bg6 17. Qb3 Qd7 18. Nd2 Re7 19. Rac1 Rae8 20. a3 h5 21. h4
Ng4+ 22. Kg1 Bxg3 23. fxg3 Nxe3 24. Rf3 Qg4 25. Qa4 a6 26. Nb3 Nc4 27. Rcf1
Nxb2 28. Qb4 Nc4 29. R1f2 b6 30. Qa4 Qc8 31. Nd2 Nb2 32. Qb3 Nd3 33. Rf1 Qc7
34. Kh2 Re3 35. Rxe3 Rxe3 36. Rf3 Rxf3 37. Nxf3 Nf2 38. Bh3 b5 39. Qb2 Nxh3 40.
Kxh3 Bf5+ 41. Kg2 Qd6 42. Qb4 Qe6 43. Kf2 Qf6 44. Ne2 Qe6 45. Qa5 Bg4 46. Qd8+
Kh7 47. Ng5+ Kh6 48. Nxe6 fxe6 49. Qg5+ 1-0

[Event "Shebroooke op U1900"]
[Site "Sherbrooke CAN"]
[Date "2014.05.24"]
[Round "3"]
[White "Girouard, Michel"]
[Black "Gunapalan, David"]
[Result "1-0"]
[WhiteElo "1836"]
[BlackElo "1871"]
[PlyCount "59"]
[EventDate "2014.05.23"]
[EventType "swiss"]
[EventRounds "5"]
[EventCountry "CAN"]

1. Nf3 d5 2. c4 e6 3. g3 Nf6 4. Bg2 c5 5. O-O Nc6 6. d3 Be7 7. Bd2 O-O 8. Nc3
d4 9. Nb5 a6 10. Na3 e5 11. Nc2 Re8 12. a3 a5 13. b3 Bf5 14. Nh4 Bg4 15. h3 Bh5
16. Bf3 Bxf3 17. exf3 Qd7 18. Kh2 Nh5 19. Ng2 g6 20. Rb1 f5 21. b4 axb4 22.
axb4 Nf6 23. bxc5 Bxc5 24. Bg5 Kf7 25. Re1 Ra2 26. Ra1 Rea8 27. Rxa2 Rxa2 28.
Qb1 Ra6 29. Qb5 Ra5 30. Qb2 1-0

[Event "Ste-Foy - Botwinnik"]
[Site "Ste-Foy CAN"]
[Date "2014.09.06"]
[Round "1"]
[White "Ferrando, Carlos"]
[Black "Dube, Daniel"]
[Result "0-1"]
[WhiteElo "1369"]
[BlackElo "1832"]
[PlyCount "90"]
[EventDate "2014.09.06"]
[EventType "swiss"]
[EventRounds "5"]
[EventCountry "CAN"]

1. d4 d5 2. Bf4 f6 3. e3 c5 4. dxc5 e5 5. Bg3 Bxc5 6. c3 Ne7 7. Nd2 O-O 8. Nb3
Bb6 9. Qc2 Bf5 10. Bd3 Bxd3 11. Qxd3 Nbc6 12. Qc2 Rc8 13. Rd1 d4 14. Nf3 Nb4
15. Qb1 Nbc6 16. exd4 exd4 17. Nbxd4 Nxd4 18. Nxd4 Qd5 19. O-O f5 20. Rfe1 Rf7
21. Nf3 Qc5 22. Ne5 f4 23. Nd3 Qh5 24. Nxf4 Qg5 25. Ne6 Qf6 26. Nd4 Bxd4 27.
Rxd4 Nf5 28. Rd2 h5 29. Be5 Qg5 30. Rde2 Nh4 31. Bg3 Ng6 32. Re8+ Rf8 33. Rxc8
Rxc8 34. h3 Rf8 35. Qc1 Qf5 36. Qe3 h4 37. Bd6 Rf7 38. Qxa7 Qf6 39. Bc5 Nf4 40.
Bd4 Qg6 41. g3 hxg3 42. f3 Nxh3+ 43. Kg2 Nf4+ 44. Kf1 Qd3+ 45. Kg1 Qxf3 0-1

[Event "Ste-Foy - Botwinnik"]
[Site "Ste-Foy CAN"]
[Date "2014.09.06"]
[Round "1"]
[White "Jean, Martin"]
[Black "Doyon, Stephane"]
[Result "0-1"]
[WhiteElo "1574"]
[BlackElo "1879"]
[PlyCount "72"]
[EventDate "2014.09.06"]
[EventType "swiss"]
[EventRounds "5"]
[EventCountry "CAN"]

1. g3 d5 2. Bg2 Nf6 3. b4 Bf5 4. Nf3 e6 5. c3 Nbd7 6. Na3 h6 7. Nb5 c6 8. Nbd4
Bh7 9. a4 e5 10. Nb3 e4 11. Nfd4 Be7 12. O-O O-O 13. Ba3 Rc8 14. e3 Ne5 15. Bh3
Rc7 16. Nf5 Bxf5 17. Bxf5 Nf3+ 18. Kh1 g6 19. Bh3 h5 20. Bg2 Ne5 21. Nd4 Nc4
22. Bc1 Bd6 23. a5 a6 24. d3 exd3 25. Qxd3 c5 26. bxc5 Rxc5 27. Bxd5 Nxd5 28.
Ne6 Qc8 29. Nxc5 Qxc5 30. Rd1 Nf6 31. Kg1 Rd8 32. Ra4 Ne5 33. Qe2 Qc6 34. Rf4
Nd5 35. Rxd5 Qxd5 36. Rd4 Nf3+ 0-1

[Event "Ste-Foy - Botwinnik"]
[Site "Ste-Foy CAN"]
[Date "2014.09.06"]
[Round "1"]
[White "Laflamme, Simon"]
[Black "Tremblay, Charles"]
[Result "1-0"]
[WhiteElo "2033"]
[BlackElo "1602"]
[PlyCount "27"]
[EventDate "2014.09.06"]
[EventType "swiss"]
[EventRounds "5"]
[EventCountry "CAN"]

1. Nf3 d5 2. c4 e6 3. g3 Nf6 4. Bg2 Bd6 5. O-O O-O 6. d4 c5 7. cxd5 exd5 8.
dxc5 Bxc5 9. Qc2 Qb6 10. Nc3 Qa6 11. Nxd5 Bxf2+ 12. Rxf2 Nxd5 13. Ng5 Nf6 14.
Rxf6 1-0

[Event "Ste-Foy - Botwinnik"]
[Site "Ste-Foy CAN"]
[Date "2014.09.06"]
[Round "1"]
[White "Sauve, Richard"]
[Black "Theriault, Francis"]
[Result "1-0"]
[WhiteElo "1870"]
[BlackElo "1549"]
[PlyCount "51"]
[EventDate "2014.09.06"]
[EventType "swiss"]
[EventRounds "5"]
[EventCountry "CAN"]

1. d4 d5 2. c4 e6 3. Nc3 Be7 4. Nf3 c6 5. Bf4 Nf6 6. e3 Nbd7 7. Bd3 O-O 8. O-O
a6 9. Qc2 dxc4 10. Bxc4 Nh5 11. Be5 Nb6 12. Bd3 f5 13. g4 fxg4 14. Bxh7+ Kh8
15. Qg6 Rxf3 16. Qxg4 Nf6 17. Qxf3 Nxh7 18. Kh1 Nc4 19. Rg1 Bf6 20. Qg3 Nxb2
21. Rg2 Qe7 22. Rag1 g5 23. Ne4 Bxe5 24. Qxe5+ Kg8 25. Nxg5 Nxg5 26. Rxg5+ 1-0

[Event "Ste-Foy - Botwinnik"]
[Site "Ste-Foy CAN"]
[Date "2014.09.13"]
[Round "2"]
[White "Doyon, Stephane"]
[Black "Chouinard, Etienne"]
[Result "1/2-1/2"]
[WhiteElo "1879"]
[BlackElo "1821"]
[PlyCount "119"]
[EventDate "2014.09.06"]
[EventType "swiss"]
[EventRounds "5"]
[EventCountry "CAN"]

1. e4 e5 2. Nf3 Nc6 3. d4 exd4 4. Nxd4 Bc5 5. Be3 Qf6 6. c3 Nge7 7. Bc4 Ne5 8.
Be2 d6 9. O-O Qg6 10. f3 Bh3 11. Rf2 O-O 12. Kh1 Bd7 13. Nd2 N7c6 14. Nxc6 Nxc6
15. Bxc5 dxc5 16. f4 Rad8 17. Rf3 Qh6 18. Rf1 Bc8 19. Qc2 a6 20. Nc4 Rfe8 21.
Bd3 b5 22. Ne3 c4 23. Be2 Qe6 24. e5 Qh6 25. Ng4 Qh4 26. Bf3 Bxg4 27. Bxc6 Re6
28. Bf3 Rh6 29. g3 Qxg3 30. Bxg4 Qxg4 31. Rad1 Rxd1 32. Qxd1 Qxd1 33. Rxd1 Kf8
34. Kg2 Ke7 35. Rd2 f6 36. exf6+ Rxf6 37. Kg3 Rd6 38. Re2+ Re6 39. Rf2 c5 40.
a3 a5 41. Rd2 b4 42. axb4 cxb4 43. cxb4 axb4 44. Kf3 Rd6 45. Rc2 c3 46. bxc3
Rd3+ 47. Ke4 Rxc3 48. Re2 Kf6 49. Rb2 b3 50. Kd4 Rf3 51. Ke4 Rh3 52. Rd2 g6 53.
Rd6+ Ke7 54. Rd2 Ke6 55. Rb2 Kf6 56. Rd2 Ke6 57. Rb2 Kd6 58. Kd4 Kc6 59. Kc4
Rf3 60. Rd2 1/2-1/2

[Event "Ste-Foy - Botwinnik"]
[Site "Ste-Foy CAN"]
[Date "2014.09.13"]
[Round "2"]
[White "Dube, Daniel"]
[Black "Laflamme, Simon"]
[Result "1/2-1/2"]
[WhiteElo "1832"]
[BlackElo "2033"]
[PlyCount "106"]
[EventDate "2014.09.06"]
[EventType "swiss"]
[EventRounds "5"]
[EventCountry "CAN"]

1. e4 c6 2. Nc3 d5 3. Nf3 Bg4 4. h3 Bxf3 5. Qxf3 e6 6. d4 dxe4 7. Qxe4 Nf6 8.
Qh4 Be7 9. Bg5 Nbd7 10. Bd3 Qa5 11. O-O h6 12. Bd2 g5 13. Qg3 Qb4 14. Qe3 Qd6
15. Ne4 Nxe4 16. Bxe4 Nf6 17. Bd3 Rd8 18. c3 c5 19. Qf3 cxd4 20. cxd4 Qd5 21.
Qe2 a6 22. Bc4 Qe4 23. Bc3 Qxe2 24. Bxe2 Nd5 25. Bf3 Bf6 26. Rfe1 O-O 27. g3 b5
28. a3 Rd7 29. Rad1 Nxc3 30. bxc3 Rc8 31. Re3 Rdc7 32. Rdd3 Be7 33. d5 exd5 34.
a4 bxa4 35. Bxd5 Bf6 36. Re4 Bxc3 37. Rxa4 a5 38. Rf3 Kg7 39. h4 f6 40. h5 Rd8
41. Rc4 Rxc4 42. Bxc4 Bb4 43. Rd3 Rxd3 44. Bxd3 Kf7 45. Kf1 Ke6 46. Bc4+ Ke5
47. Ke2 Kd4 48. Bb5 Bc5 49. f3 Bd6 50. g4 Kc5 51. Bd7 Kd4 52. Kd2 Bf4+ 53. Kc2
Bd6 1/2-1/2

[Event "Ste-Foy - Botwinnik"]
[Site "Ste-Foy CAN"]
[Date "2014.09.13"]
[Round "2"]
[White "Poliquin, Yvon"]
[Black "Labrecque, Rejean"]
[Result "1-0"]
[WhiteElo "2017"]
[BlackElo "1613"]
[PlyCount "97"]
[EventDate "2014.09.06"]
[EventType "swiss"]
[EventRounds "5"]
[EventCountry "CAN"]

1. e4 e5 2. Nf3 Nc6 3. d4 exd4 4. Nxd4 Nxd4 5. Qxd4 Nf6 6. Nc3 d6 7. Bc4 Be6 8.
O-O Bxc4 9. Qxc4 Be7 10. Qb5+ Qd7 11. Qxb7 O-O 12. Qa6 Rfb8 13. Qd3 a5 14. h3
a4 15. Rb1 h6 16. Bf4 Qc6 17. Nd5 Nxd5 18. exd5 Qd7 19. Bd2 Bf6 20. Bc3 Bxc3
21. Qxc3 Qf5 22. Qc6 Qc8 23. b3 Rb6 24. Qc3 Qb7 25. Qd3 Rb8 26. Rfe1 Rb5 27.
Rbd1 axb3 28. axb3 Rc5 29. Re7 Rf8 30. c4 Ra5 31. Qg3 Qb6 32. Rde1 Qd4 33. Rxc7
Ra1 34. Rxa1 Qxa1+ 35. Kh2 Re8 36. Qxd6 Re1 37. Qf4 Rh1+ 38. Kg3 Qc3+ 39. f3
Qe1+ 40. Kg4 Qe8 41. Qe4 h5+ 42. Kg3 h4+ 43. Kxh4 g5+ 44. Kg3 Qf8 45. c5 Rc1
46. b4 Qd8 47. Re7 Kg7 48. d6 Rd1 49. Qf5 1-0

[Event "Ste-Foy - Botwinnik"]
[Site "Ste-Foy CAN"]
[Date "2014.09.13"]
[Round "2"]
[White "Sarra-Bournet, Marc"]
[Black "Sauve, Richard"]
[Result "0-1"]
[WhiteElo "1808"]
[BlackElo "1870"]
[PlyCount "166"]
[EventDate "2014.09.06"]
[EventType "swiss"]
[EventRounds "5"]
[EventCountry "CAN"]

1. e4 e6 2. d4 d5 3. Nd2 Nf6 4. e5 Nfd7 5. f4 c5 6. c3 Nc6 7. Ndf3 Qb6 8. Ne2
cxd4 9. Nexd4 Be7 10. g3 O-O 11. Bh3 Nxd4 12. Nxd4 Nc5 13. O-O Bd7 14. Kg2 Bb5
15. Rf3 Ne4 16. f5 exf5 17. Nxf5 Rae8 18. Be3 Bc5 19. Bd4 Bxd4 20. cxd4 Kh8 21.
Rc1 Bd7 22. Rb3 Qg6 23. Qg4 Ng5 24. Rxb7 Bc8 25. Rbc7 Nxh3 26. Qxg6 hxg6 27.
Nd6 Be6 28. Nxe8 Rxe8 29. Rxa7 Rb8 30. b3 Ng5 31. h4 Ne4 32. Kf3 Kg8 33. g4 g5
34. h5 Kf8 35. Rc2 Ke8 36. Rcc7 Rc8 37. Rxc8+ Bxc8 38. b4 Nd2+ 39. Ke2 Nc4 40.
Kf3 Nd2+ 41. Kg3 Ne4+ 42. Kh3 Nf2+ 43. Kg3 Ne4+ 44. Kh3 Nf2+ 45. Kg2 Nxg4 46.
Ra8 Kd8 47. b5 Kc7 48. b6+ Kb7 49. Ra7+ Kxb6 50. Rxf7 Ne3+ 51. Kf2 Nf5 52. a3
Be6 53. Rf8 Nxd4 54. Re8 Bf7 55. Re7 Bxh5 56. Rxg7 Be8 57. Rxg5 Ne6 58. Rf5 d4
59. Rf6 Bd7 60. Ke2 Kc5 61. Kd3 Kd5 62. Rf7 Bb5+ 63. Kd2 Kxe5 64. Rb7 Bc6 65.
Rb6 Kd5 66. Rb4 Kc5 67. Kd3 Nf4+ 68. Kd2 Nd5 69. Rb3 Kc4 70. Rg3 Ba4 71. Rf3
Nc3 72. Rh3 Nb5 73. Rg3 Bb3 74. Rg8 Nxa3 75. Rc8+ Kb4 76. Kd3 Nb5 77. Rd8 Bc4+
78. Ke4 Kc3 79. Rd7 d3 80. Ke3 Na3 81. Rd8 Nc2+ 82. Ke4 d2 83. Rd6 Nb4 0-1

[Event "Ste-Foy - Botwinnik"]
[Site "Ste-Foy CAN"]
[Date "2014.09.20"]
[Round "3"]
[White "Chouinard, Etienne"]
[Black "Sarra-Bournet, Marc"]
[Result "0-1"]
[WhiteElo "1821"]
[BlackElo "1808"]
[PlyCount "58"]
[EventDate "2014.09.06"]
[EventType "swiss"]
[EventRounds "5"]
[EventCountry "CAN"]

1. e4 e5 2. Nf3 Nc6 3. Nc3 Nf6 4. Nxe5 Nxe5 5. d4 Ng6 6. e5 Ng8 7. Bc4 Bb4 8.
Qf3 Bxc3+ 9. bxc3 Qe7 10. O-O Nh4 11. Qg4 Ng6 12. Qf3 h5 13. a4 Nh4 14. Qg3 Nf5
15. Qf4 Ngh6 16. Ba3 Qh4 17. Qf3 Qg4 18. Qd5 c6 19. f3 cxd5 20. fxg4 Ne3 21.
Bxd5 Nxd5 22. g5 Ng4 23. Rf3 Nge3 24. Bd6 b6 25. a5 Bb7 26. axb6 axb6 27. Rxa8+
Bxa8 28. g6 fxg6 29. Rg3 Nf5 0-1

[Event "Ste-Foy - Botwinnik"]
[Site "Ste-Foy CAN"]
[Date "2014.09.20"]
[Round "3"]
[White "Cummins, Paul"]
[Black "Doyon, Stephane"]
[Result "1-0"]
[WhiteElo "1780"]
[BlackElo "1879"]
[PlyCount "71"]
[EventDate "2014.09.06"]
[EventType "swiss"]
[EventRounds "5"]
[EventCountry "CAN"]

1. e4 c6 2. Nc3 d5 3. Nf3 Bg4 4. h3 Bxf3 5. Qxf3 e6 6. exd5 exd5 7. d4 Qf6 8.
Qd3 Bd6 9. Be3 Ne7 10. g4 Qf3 11. Rg1 h5 12. Bg2 Qf6 13. O-O-O hxg4 14. hxg4
Nd7 15. Rde1 Bh2 16. Rh1 O-O-O 17. Qd2 Ng6 18. Rxh2 Rxh2 19. Bg5 Qd6 20. Bxd8
Kxd8 21. Bf3 Qf6 22. Qe2 Nh4 23. Bxd5 Rxf2 24. Qe8+ Kc7 25. Bc4 Qf4+ 26. Kb1
Nf3 27. Re7 Nd2+ 28. Ka1 Qxd4 29. Nb5+ cxb5 30. Bxb5 Nb3+ 31. axb3 Qd1+ 32. Ka2
Kb6 33. Qxd7 Qxd7 34. Bxd7 Rxc2 35. Rxf7 g5 36. Bf5 1-0